000 01074nam a2200313Ia 4500
003 OSt
005 20221007124926.0
006 a|||||r|||| 00| 0
007 ta
008 221006b |||||||| |||| 00| 0 eng d
020 _a9789813225756 (HBK)
024 _a200638
037 _b5399, 22/02/2019, Ashutosh Technical Books
_cTextual
040 _aCDL
_cCDL
_beng
041 _2eng
_aeng
082 _aE:98, Q8 Carc
100 _aKnaapila Matti Ed.
_9721025
245 0 _aConjugated polymers and oligomers: Structural and soft matter aspects
260 _aNew
_bJersey World Scientific
_c2018
300 _aviii,194p. ill
_ccm.
490 _aMaterials and energy vol-9
500 _aIndex 189-194p.
650 _a Persistence in polymers and supramolecular
_9721026
650 _a Specific conjudugated polymers
_9721027
650 _a Structuring conjugated polymers
_9721028
650 _aChemistry
942 _hE:98, Q8 Carc
_cTEXL
_2CC
999 _c1214390
_d1214390